| 000 | 00688nam a2200145 a 4500 | ||
|---|---|---|---|
| 001 | 000032190 | ||
| 005 | 20200930063515.0 | ||
| 008 | 110713s1947 dr 000 0 spa d | ||
| 040 |
_aDO-SdBNP _bspa _cBNPHU |
||
| 110 | 1 |
_aConsejo Administrativo del Distrito de Santo Domingo _944967 |
|
| 245 | 1 | 0 | _aMemoria que presenta al honorable presidente de la República y al Consejo Administrativo del Distrito de Santo Domingo su presidente Modesto E. Díaz, relativoa a las labores realizada por este organismo durante el año 1947. |
| 260 |
_aCiudad Trujillo, República Dominicana : _bConsejo Administrativo del Distrito de Santo Domingo, _c1947. |
||
| 300 |
_a335 p. ; _c23 cm. |
||
| 049 | _aBNPD | ||
| 999 |
_c31681 _d31681 |
||